000 00650nam a2200229Ia 4500
003 OSt
005 20220923224801.0
006 a|||||r|||| 00| 0
007 ta
008 220922b |||||||| |||| 00| 0 hin d
024 _a250,146
037 _cTextual
040 _aARTS
_cARTS
_bhin
041 _2hin
_ahin
082 _aV2:71:(P152:4)k, 152L9
245 0 _aपुरात्त्व परिभाड्ढा कोश
246 _aPurāttva paribhāḍḍhā kosha
260 _c1979
650 _aविश्व-इतिहास
942 _hV2:71:(P152:4)k, 152L9
_cTEXL
_2CC
999 _c373607
_d373607